01001nam a22002417a 4500003000500000008004100005040000800046041001300054082001300067100004500080245002700125250002700152260005100179300003700230336002700267337003300294338002900327505019500356650002700551942001400578952015000592999001700742BPGM260619e1981 mx o|||g |||| 000 0 spa d bspa aspahspa042900a008 aRAMIREZ ALVAREZ, GUADALUPE JOSE.eAUTOR  aCERRO DE LAS CAMPANAS  aSEGUNDA EDICION b1981 aMEXICObGOBIERNO DEL ESTADO DE QUERETAROc1981 a146 paginas b21.8 cm x 16.3 cm  2rdacontentatextobtxt 2rdamediaasin mediaciónbn 2rdacarrieravolumen bnc aEstas obras ilustran y evocan el fusilamiento del emperador Maximiliano de Habsburgo y sus generales Miramón y Mejía en Querétaro en 1867, un hecho clave para la República Restaurada 2GEOGRAFÍA E HISTORIA 2ddccCOLQ 00102ddc40728ESPQaBPCEFCbBPCEFCcSALA QUERÉTARO ACCESO B PLANTA ALTAd2026-06-18eDBG l0o900/008r2026-06-19 20:02:39w2026-06-19yCOLQ c68650d68650